Music Quiz

Random Music Quiz

Type O Negative Quiz Stats

 Plays Quiz not verified by Sporcle

Score 0/43 Timer 08:00
0 Plays Today
Category % Correct
Band MembersPeter Steele
99.5%
AlbumsBloody Kisses
92.1%
AlbumsOctober Rust
91.6%
Bassist's Previous BandCarnivore
85.9%
Previous Band's AlbumsCarnivore
85.9%
Type O's Music VideosBlack No. 1 (Little Miss Scare-All)
83.8%
AlbumsLife is Killing Me
83.2%
AlbumsSlow, Deep and Hard
82.2%
AlbumsDead Again
81.7%
Type O's Music VideosChristian Woman (Short Version)
81.7%
Type O's Music VideosChristian Woman (Long Version)
81.7%
Highest Charting Album on The Billboard 200Dead Again
81.7%
AlbumsOrigin of the Feces
80.6%
AlbumsWorld Coming Down
80.6%
Band MembersKenny Hickey
80.1%
Band MembersJosh Silver
77%
Band MembersJohnny Kelly
76.4%
Type O's Music VideosMy Girlfriend's Girlfriend
73.3%
Greatest HitsThe Least Worst of Type O Negative
71.7%
Type O's Music VideosCinnamon Girl
71.2%
Cover SongsCinnamon Girl
71.2%
Type O's Music VideosLove You to Death
65.4%
Category % Correct
Cover SongsSummer Breeze
64.4%
Type O's Music VideosI Don't Wanna Be Me
62.8%
Type O's Music VideosEverything Dies
61.3%
Band MembersSal Abruscato
59.7%
Type O's Music VideosSeptember Sun
57.6%
Cover SongsParanoid
55.5%
DVDsSymphony for the Devil: The World of Type O Negative
53.4%
DVDsAfter Dark
49.7%
Cover SongsDay Tripper (Medley)
49.2%
Cover SongsBlack Sabbath (From the Satanic Perspective)
49.2%
Cover SongsHey Pete (Originally Jimi Hendrix's 'Hey Joe')
45.5%
Bassist's Even More Previous BandFallout
45%
Previous Band's AlbumsRetaliation
38.7%
Type O's Music VideosThe Profits of Doom
37.2%
Cover SongsAngry Inch
31.9%
Number Reached on The Billboard 20027
30.4%
Cover SongsSantana Medley: Evil Ways/Oye Como Va/Black Magic Woman
28.8%
Cover SongsHighway Star
27.2%
The Tracks Off Their Only SingleRock Hard
19.9%
The Tracks Off Their Only SingleBatteries Not Included
18.8%
DVDsNosferatu: The First Vampire
15.2%

You're not logged in!

Compare scores with friends on all Sporcle quizzes.
OR
Log In

Show Comments

Extras

Created Nov 16, 2010SourceReportNominate
Tags:category, negative

Top Quizzes Today


Score Distribution

Your Account Isn't Verified!

In order to create a playlist on Sporcle, you need to verify the email address you used during registration. Go to your Sporcle Settings to finish the process.

Report this User

Report this user for behavior that violates our Community Guidelines.

Details: